000 01413nam a22003374a 4500
001 ebr10044914
003 CaPaEBR
006 m u
007 cr cn|||||||||
008 010423s2001 enk sb 001 0 eng
010 _z 2001035436
020 _z0333760395 (cloth)
040 _aCaPaEBR
_cCaPaEBR
035 _a(OCoLC)54092975
050 1 4 _aHD6054.2.E85
_bZ85 2001eb
082 0 4 _a331.4/086/24
_221
100 1 _aZulauf, Monika,
_d1955-
245 1 0 _aMigrant women professionals in the European Union
_h[electronic resource] /
_cMonika Zulauf.
260 _aBasingstoke, Hampshire [England] ;
_aNew York :
_bPalgrave,
_c2001.
300 _ax, 249 p.
504 _aIncludes bibliographical references (222-242) and index.
533 _aElectronic reproduction.
_bPalo Alto, Calif. :
_cebrary,
_d2013.
_nAvailable via World Wide Web.
_nAccess may be limited to ebrary affiliated libraries.
650 0 _aWomen in the professions
_zEuropean Union countries.
650 0 _aLabor mobility
_zEuropean Union countries.
650 0 _aMigrant labor
_zEuropean Union countries.
650 0 _aNurses
_xEmployment
_zEuropean Union countries.
650 0 _aWomen bankers
_zEuropean Union countries.
655 7 _aElectronic books.
_2local
710 2 _aebrary, Inc.
856 4 0 _uhttp://site.ebrary.com/lib/rucke/Doc?id=10044914
_zAn electronic book accessible through the World Wide Web; click to view
999 _c75351
_d75351